বাংলা খেয়াল বন্দিশ ও স্বরলিপি / (Record no. 84301)
[ view plain ]
| 000 -LEADER | |
|---|---|
| fixed length control field | 00945nam a2200229 a 4500 |
| 001 - CONTROL NUMBER | |
| control field | 84301 |
| 003 - CONTROL NUMBER IDENTIFIER | |
| rucl marc code | BD-RjUL |
| 005 - DATE AND TIME OF LATEST TRANSACTION | |
| control field | 20241118102618.0 |
| 008 - FIXED-LENGTH DATA ELEMENTS--GENERAL INFORMATION | |
| fixed length control field | 241114s2022 bg ||||| |||| 00| 0 ben d |
| 035 ## - SYSTEM CONTROL NUMBER | |
| System control number | (BD-RjUL)84301 |
| 040 ## - CATALOGING SOURCE | |
| Original cataloging agency | BD-RjUL |
| Language of cataloging | eng |
| Transcribing agency | BD-RjUL |
| 041 ## - LANGUAGE CODE | |
| Language code of text/sound track or separate title | ben |
| 082 ## - DEWEY DECIMAL CLASSIFICATION NUMBER | |
| Edition number | 23 |
| Classification number | 784.095414 |
| Author mark and year | SUB 2022 |
| 100 ## - MAIN ENTRY--PERSONAL NAME | |
| Personal name | সুমন, কবীর |
| 9 (RLIN) | 14257 |
| 245 ## - TITLE STATEMENT | |
| Title | বাংলা খেয়াল বন্দিশ ও স্বরলিপি / |
| Statement of responsibility, etc. | কবীর সুমন |
| 260 ## - PUBLICATION, DISTRIBUTION, ETC. (IMPRINT) | |
| Place of publication, distribution, etc. | কলকাতা : |
| Name of publisher, distributor, etc. | সপ্তর্ষি প্রকাশন, |
| Date of publication, distribution, etc. | ২০২২ |
| 300 ## - PHYSICAL DESCRIPTION | |
| Pagination | খণ্ড; |
| Size | ২০ সেমি. |
| 505 01 - FORMATTED CONTENTS NOTE | |
| Formatted contents note | প্রথম পর্ব -- দ্বিতীয় পর্ব-- |
| 650 ## - SUBJECT ADDED ENTRY--TOPICAL TERM | |
| Topical term or geographic name as entry element | Songs, Bengali |
| Geographic subdivision | India |
| Form subdivision | History and criticism |
| 9 (RLIN) | 14258 |
| Topical term or geographic name as entry element | গান, বাংলা |
| Geographic subdivision | ভারত |
| Form subdivision | ইতিহাস এবং সমালোচনা |
| 9 (RLIN) | 14259 |
| 942 ## - ADDED ENTRY ELEMENTS (KOHA) | |
| Source of classification or shelving scheme | Dewey Decimal Classification |
| Koha item type | Books |
| Lost status | Source of classification or shelving scheme | Damaged status | Not for loan | Collection code | Permanent Location | Current Location | Shelving location | Date acquired | Source of acquisition | Cost, normal purchase price | Full call number | Date last seen | Copy number | Koha item type | Total Checkouts |
|---|---|---|---|---|---|---|---|---|---|---|---|---|---|---|---|
| Dewey Decimal Classification | Not For Loan | Non-fiction | Central Library, University of Rajshahi | Central Library, University of Rajshahi | Reading Room | 04/11/2024 | Author | 200.00 | B 784.095414 Pt-1 SUB 2022 | 14/11/2024 | C-1 | Books | |||
| Dewey Decimal Classification | Not For Loan | Non-fiction | Central Library, University of Rajshahi | Central Library, University of Rajshahi | Reading Room | 04/11/2024 | Author | 200.00 | B 784.095414 SUB Pt-2 2022 | 18/11/2024 | C-1 | Books |